Noves eines per a la intemediació laboral
Publicado:
Barcelona :
Diputació de Barcelona. Àrea de Promoció Econòmica i Ocupació. Servei de Foment de l'Ocupació, DL 2004
Descripción Física:
1 tríptic ; 21 cm
MARC
| LEADER | 00000nam a2200000Ia 4500 | ||
|---|---|---|---|
| 001 | 24279 | ||
| 008 | 160829s9999 xx 000 0 cat d | ||
| 080 | |a FU-64-118 | ||
| 245 | |a Noves eines per a la intemediació laboral | ||
| 260 | |a Barcelona : |b Diputació de Barcelona. Àrea de Promoció Econòmica i Ocupació. Servei de Foment de l'Ocupació, DL 2004 | ||
| 300 | |a 1 tríptic ; |c 21 cm | ||
| 590 | |a Programa de mà de les jornades | ||
| 650 | 0 | |a Ocupació |z Barcelona (Catalunya : Província) |9 36139 | |
| 710 | 1 | |a Barcelona (Catalunya : Província). |b Àrea de Promoció Econòmica i Ocupació |9 17540 | |
| 901 | |a Arxiu | ||
| 942 | |n 1 | ||
| 952 | |0 0 |1 0 |4 0 |6 FU64118 |7 1 |9 55832 |a Arxiu |b Arxiu |d 2016-12-01 |l 0 |o FU-64-118 |p 24279 |r 2016-12-01 00:00:00 |w 2016-12-01 |y ARXIU | ||
| 999 | |c 59705 |d 59705 | ||